000
00310nam a22001337a 4500
020
_a
817826360-2
082
_a
823
_b
DOY/W
100
_a
SIR ARTHUR CONAN DOYLE
245
_a
THE WHITE COMPANY
260
_a
DELHI
_b
ROHAN BOOK COMPANY
_c
2003
300
_a
222
650
_a
MODERN ILLUSTRATED CLASSICS
942
_c
BK
999
_c
385
_d
385